'G' Blitz Quiz Stats

 Plays Quiz Updated Apr 5, 2018

Also try: 'H' Blitz
Challenge
Share
Tweet
Embed
Score 0/40 Timer 04:00
6 Plays Today
Category Answer % Correct
Rainbow ColorGreen
99.1%
Military RankGeneral
88%
Deadly SinGluttony
87.4%
European CountryGermany
83.7%
African CountryGabon
81.4%
ApeGorilla
80.2%
State of MatterGas
79.6%
Starbucks Coffee SizeGrande
78.5%
Disney DwarfGrumpy
77.3%
Disney MascotGoofy
75.3%
Citrus FruitGrapefruit
74.9%
Book of the BibleGenesis
71.3%
Bill Murray MovieGhostbusters
71.1%
English MonarchGeorge
71.1%
Harry Potter and the ...Goblet of Fire
69.3%
Zodiac SignGemini
68.5%
Sporcle CategoryGaming
67.5%
Spice Girl NicknameGinger
66.3%
US AutomakerGeneral Motors
66.1%
'12 Days of Christmas' BirdsGeese
63.9%
Category Answer % Correct
North American CountryGrenada
63.7%
ElementGold
62%
US President SurnameGarfield
60.8%
Marx BrotherGroucho
60.7%
3 Letter Body PartGum
60.5%
Fellowship of the Ring MemberGandalf the Grey
54.8%
Brady Bunch MemberGreg
54.2%
Charles Dickens NovelGreat Expectations
49.1%
MLB Team NameGiants
48.5%
South American CountryGuyana
46.1%
BirthstoneGarnet
41.8%
Ladies Wimbledon WinnerGraf
39.3%
Oscar Best PictureGladiator
38.6%
Summer Olympic EventGymnastics
38%
Asian CountryGeorgia
33.8%
Wonka Kid SurnameGloop
33%
Round Table KnightGalahad
31.7%
Beatles SongGet Back
31.1%
Ancient Wonder of the WorldGreat Pyramid of Giza
28.3%
(Planetary) MoonGanymede
14.6%

You're not logged in!

Compare scores with friends on all Sporcle quizzes.
OR
Log In

You Might Also Like...

Show Comments

Extras

Top Quizzes Today


Score Distribution

Your Account Isn't Verified!

In order to create a playlist on Sporcle, you need to verify the email address you used during registration. Go to your Sporcle Settings to finish the process.

Report this User

Report this user for behavior that violates our Community Guidelines.

Details: